000 00691nam a22002417a 4500
001 00028785
005 20260415100629.0
008 260415b ag ||||| |||| 00| 0 spa d
020 _a9789500744256
040 _aAR-CcCEOS
_bspa
_cAR-CcCEOS
041 _aspa
080 _a929 Belgrano
090 _bVAL
100 1 _aValenzuela Ratia, Diego
_91053
245 1 1 _aBelgrano :
_bLa revolución de las ideas /
_cDiego Valenzuela y Mercedes Sanguineti
250 _a1a ed.
260 _aBuenos Aires :
_bSudamericana,
_c2013.
300 _a296 p. ;
_c23x16 cm.
600 1 0 _91054
655 0 _abiografía
_9191
700 1 _aSanguineti, Mercedes,
_d1982-
_91055
942 _2udc
_cBK
_n0
999 _c28820
_d28820